000 00480nam a2200169Ia 4500
008 210210b1996 xxu||||| |||| 00| 0 eng d
020 _a0 333 60170 X
082 _a820.9 PECJ
100 _aPECK (John)
245 _aJoseph Conrad: New casebooks ed by Elaine Jordan.
260 _aLondon
_bMacmillan Press Ltd
_c1996
300 _aix,227
650 _aJoseph Conrad critical Essays Case Books
690 _aEnglish Criticism
700 _aCOYLE (Martin).
906 _a056031
999 _c103559
_d103559